000
00332 a2200121 4500
001
ART_46672
005
20260410162039.0
008
260409a
245
1
0
_a
¿Más o menos desiguales?
100
1
_a
Amarante, Verónica
700
1
_a
Colacce, Maira
773
0
_t
Revista Cepal
_g
- Nº 124 (abr. 2018)
_w
REV45125
999
_c
34752
_d
34752